000 00508nam a22001697a 4500
005 20251108164726.0
008 250721s1994 xx 000 0 ara d
082 1 4 _a614.85/حسا
100 1 _aزيدان، حسان
245 1 0 _aالسلامة و الصحة المهنية /
264 1 _aعمان :
_bدار الفكر للنشر و التوزيع،
_c1994.
300 _a204ص
650 1 7 _aالسلامة الصناعية
650 1 7 _aإصابات العمل
942 _2ddc
_cBK
999 _c12820
_d12820